| 000 | 00000nas 2200000za 4500 |
| 001 | 9.814463 |
| 003 | CaOODSP |
| 005 | 20240228150754 |
| 007 | cr ||||||||||| |
| 008 | 160406d20152017qucar p o||||f0 b0fre|d |
| 022 | # |a2371-1000 |
| 040 | |aCaOODSP|bfre |
| 043 | |an-cn--- |
| 086 | 1 |aEm1-5/1F-PDF |
| 110 | 1 |aCanada. |bEmploi et développement social Canada. |
| 222 | 0|aRapport annuel sur l'application de la Loi sur l'accès à l'information ... |b(Canada. Emploi et développement social Canada) |
| 245 | 10|aRapport annuel sur l'application de la Loi sur l'accès à l'information ... |h[ressource électronique]. |
| 260 | |a[Gatineau, Québec]: |bEmploi et Développement social Canada, |c[2015-2017] |
| 310 | |aAnnuel |
| 362 | 0 |aParaît depuis : 2014/2015; ne paraît plus après : 2016/2017. |
| 500 | |aPubl. aussi en anglais sous le titre : Annual report on the administration of the Access to Information Act ... |
| 775 | 08|tAnnual report on the administration of the Access to Information Act ... |w(CaOODSP)9.814462 |
| 785 | 00|tRapport annuel sur l’application de la Loi sur l’accès à l’information et de la Loi sur la protection des renseignements personnels |w(CaOODSP)9.860011 |